00994nas a2200265 4500001001300000003000900013005001700022007000300039008003400042040005400076041000900130072001300139100001800152100001700170245014200187650002600329650001400355650002000369650001400389773010100403909004000504942001800544999001900562952014700581BR2012007988BR-BrBNA20231205121349.0ta230509b bl.|||p| |||| 00| 00por d aBR-BrBNAbporcBiblioteca Nacional de Agricultura a(Pt) aL53; L401 aLegat, J.F.A.1 aVooren, C.M.1 aCaracterização da morfologia uterina e das fases de desenvolvimento embrionário do tubarão-azul, Prionace glauca (Linnaeus, 1758) aREPRODUÇÃO ANIMAL aEMBRIÃO aANATOMIA ANIMAL aCAÇÃO0 tArquivos de Ciências do Mar (Brazil)xISSN 0374-5686 g(2008), v. 41(2) p. 14-20wBR2012007988 a202311bLúciac55dLúcia Elande 2AGRISn0cANA c223166d223166 002AGRIS4071a41918b41918cPeriódicos Agrícolash(2008), v. 41(2) p. 14-20l0r2023-11-29t01yCRePortaria Interministerial nº 164/94